Estatísticas para Campeões do Campeonato Capixaba

Clique aqui para jogar o quiz

Estatísticas Gerais

  • Esse quiz foi jogado 49 vezes
  • A pontuação média é 79 de 105

Estatísticas das Respostas

AnoClube% Correto
1918 | 1919 | 1921 | +34 othersRio Branco
97%
1920 | 1932 | 1933 | +7 othersVitória
89%
1964 | 1965 | 1967 | +15 othersDesportiva
86%
1999 | 2003 | 2004 | +3 othersSerra
75%
2021Real Noroeste
72%
1993 | 1995 | 1997 | 1998Linhares
69%
2007Linhares F.C.
69%
2009 | 2011São Mateus
69%
1990Colatina
64%
2017Atlético Itapemirim
56%
2014Estrela do Norte
56%
2020Rio Branco F.C.
53%
2012Aracruz
47%
1948Cachoeiro
44%
1991Muniz Freire
42%
2001 | 2002Alegrense
39%
1987Guarapari
36%
1917 | 1922 | 1923 | +3 othersAmérica
33%
1988Ibiraçu
22%
1944Caxias
19%
1940Americano
17%
1931 | 1953 | 1954 | +3 othersSanto Antônio
17%
1926Floriano
14%

Distribuição das Pontuações

Percentil de Números Respondidos

Porcentagem de Pessoas com Cada Pontuação

Sua Pontuação Histórica

Você não jogou esse quiz